10-Letter Words A-Z - Statistics

General Stats
  • This quiz has been taken 16 times
  • The average score is 17 of 26
Answer Stats
Picture Hint Answer % Correct
B basketball
100%
D dishwasher
93%
H helicopter
86%
L lighthouse
86%
M motorcycle
86%
S strawberry
86%
T toothbrush
86%
W wheelchair
86%
E embroidery
79%
G greenhouse
79%
K kingfisher
79%
X (plural) xylophones
79%
F floodlight
71%
I irrigation
71%
R rhinoceros
71%
J jackhammer
64%
A archbishop
57%
Q quesadilla
57%
U undertaker
50%
V vermicelli
50%
Z (proper noun) Zimbabwean
50%
P peppermint
43%
C cummerbund
29%
N narrowboat
29%
Y yellowtail
21%
O oscillator
7%
No matching quizzes found
Score Distribution
Percent of People with Each Score
Percentile by Number Answered
Your Score History
You have not taken this quiz